Integrated practice in architecture : (Record no. 23496)

000 -LEADER
fixed length control field 01861cam a2200361 a 4500
001 - CONTROL NUMBER
control field 14683355
005 - DATE AND TIME OF LATEST TRANSACTION
control field 20170126114859.0
008 - FIXED-LENGTH DATA ELEMENTS--GENERAL INFORMATION
fixed length control field 061229s2007 njuab b 001 0 eng
010 ## - LIBRARY OF CONGRESS CONTROL NUMBER
LC control number 2006103523
015 ## - NATIONAL BIBLIOGRAPHY NUMBER
National bibliography number GBA698375
Source bnb
016 7# - NATIONAL BIBLIOGRAPHIC AGENCY CONTROL NUMBER
Record control number 013607637
Source Uk
020 ## - INTERNATIONAL STANDARD BOOK NUMBER
International Standard Book Number 0471998494 (cloth)
020 ## - INTERNATIONAL STANDARD BOOK NUMBER
International Standard Book Number 9780471998495 (cloth)
035 ## - SYSTEM CONTROL NUMBER
System control number (OCoLC)ocm76798200
035 ## - SYSTEM CONTROL NUMBER
System control number (OCoLC)76798200
050 00 - LIBRARY OF CONGRESS CALL NUMBER
Classification number NA1996 .E487 2007
100 1# - MAIN ENTRY--PERSONAL NAME
Personal name Elvin, George.
245 10 - TITLE STATEMENT
Title Integrated practice in architecture :
Remainder of title mastering design-build, fast-track, and building information modeling /
Statement of responsibility, etc. George Elvin.
260 ## - PUBLICATION, DISTRIBUTION, ETC. (IMPRINT)
Place of publication, distribution, etc. Hoboken, N.J. :
Name of publisher, distributor, etc. John Wiley & Sons,
Date of publication, distribution, etc. c2007.
300 ## - PHYSICAL DESCRIPTION
Extent xi, 255 p. :
Other physical details ill., map ;
Dimensions 25 cm.
504 ## - BIBLIOGRAPHY, ETC. NOTE
Bibliography, etc Includes bibliographical references (p. 219-225) and index.
505 0# - FORMATTED CONTENTS NOTE
Formatted contents note Why integrate? -- Introducing integrated practice -- What is integrated practice? -- Strategies and methods of integrated practice -- Building the integrated project team -- Planning the integrated project -- Communication and building information modeling -- Managing risk, uncertainty, and change -- Putting ideas to work -- Adopting integrated practice -- Beyond fragmentation -- Stewardship and the future of integrated practice.
650 #0 - SUBJECT ADDED ENTRY--TOPICAL TERM
Topical term or geographic name as entry element Architectural practice.
650 #0 - SUBJECT ADDED ENTRY--TOPICAL TERM
Topical term or geographic name as entry element Architects and builders.
650 #0 - SUBJECT ADDED ENTRY--TOPICAL TERM
Topical term or geographic name as entry element Building management.
856 41 - ELECTRONIC LOCATION AND ACCESS
Materials specified Table of contents only
Uniform Resource Identifier <a href="http://www.loc.gov/catdir/toc/ecip077/2006103523.html">http://www.loc.gov/catdir/toc/ecip077/2006103523.html</a>
942 ## - ADDED ENTRY ELEMENTS (KOHA)
Source of classification or shelving scheme
Koha item type Hard Covered Materials
Holdings
Withdrawn status Lost status Source of classification or shelving scheme Damaged status Not for loan Home library Current library Shelving location Date acquired Source of acquisition Total Checkouts Full call number Barcode Date last seen Price effective from Koha item type
          MACHAKOS UNIVERSITY LIBRARY MACHAKOS UNIVERSITY LIBRARY Technical section 26/01/2017 Donation(BFA)   NA1996 .E487 2007 32387 29/05/2018 26/01/2017 Hard Covered Materials
© Machakos University Library, Along The Highway, Machakos Wote Rd, Machakos, Kenya P.O. Box 136 - 90100 Machakos - Kenya

Tel: ( +254 ) 723 805829 OR Fax : 044-20353 OR Email: library@mksu.ac.ke